|
|
|
|
| LEADER |
01136nam a2200241 a 4500 |
| 001 |
8452102 |
| 008 |
090712r2004 mauach b 000 0 eng d |
| 010 |
|
|
|a 64004617
|
| 020 |
|
|
|a 8174730257
|
| 040 |
|
|
|a DLC
|c FO
|d OCoLC
|d DLC
|
| 082 |
|
|
|a 820.9
|2 22
|
| 100 |
1 |
|
|a Long, William J.
|q (William Joseph),
|d 1867-1952.
|
| 245 |
0 |
0 |
|a English literature:
|b its history and its significance for the life of the English-speaking world/
|c William J. Long.
|
| 250 |
|
|
|a Enl. ed.
|
| 260 |
|
|
|a Boston;
|a New Delhi:
|b Ginn;
|b AITBS,
|c 2004[reprinted]
|
| 300 |
|
|
|a xv, 636 p.
|b illus., facsims., ports.
|c 21 cm.
|
| 504 |
|
|
|a Includes bibliographical references.
|
| 541 |
1 |
|
|e 00015144
|
| 650 |
|
0 |
|a English literature
|x History and criticism.
|
| 852 |
4 |
|
|a Ayesha Abed Library
|j General Shelf.
|
| 999 |
|
|
|c 2388
|d 2388
|
| 952 |
|
|
|0 0
|1 4
|2 ddc
|4 0
|6 820_900000000000000_LON
|7 0
|9 2208
|a BRACUL
|b BRACUL
|c GEN
|d 2009-07-14
|g 110.00
|l 0
|o 820.9 LON
|p 3010015144
|r 2009-07-14
|t 1
|w 2009-07-14
|y BK
|x Koha Inventory 2020
|
| 952 |
|
|
|0 0
|1 0
|2 ddc
|4 0
|6 820_900000000000000_LON
|7 0
|9 14641
|a BRACUL
|b BRACUL
|c GEN
|d 2011-03-14
|l 5
|m 27
|o 820.9 LON
|p 3010015145
|r 2025-09-10
|s 2025-07-15
|t 2
|w 2011-03-14
|y BK
|